00573nam a2200157 a 4500008004100000050001500041100001800056245003600074250001300110260004300123300001600166350000900182995008400191999001700275952012300292120416s1968 ||||||||||||||||| || u aTP 548 Tri aTritton, S. M10aSuccessful wine and beer making arev. ed. aKingswoodbGrey Owl Laboratoriesc1968 a75p. : ill. a0.00 D0.00FCBU-MAIN LIBRARY (Kitwe)H1I2.00UAVAILABLEZAnnex Low-Usage Collection  c59068d59068 00102lcc4070a001b001cAnnex Low-Usage Collection d2022-11-30l0oTP 548 Trip025589r2022-11-30w2022-11-30y002